000 00658 a2200205 4500
001 29638
005 20260407155606.0
008 260407a1972 arg spa d
003 AR-UNSa-BCEJYS
040 _aAR-UNSa-BCEJYS
_bspa
_cAR-UNSa-BCEJYS
080 _a657.36
_xBalances de comprobación (balance estimativo). Balances de saldo. Balance intermedio
245 1 0 _aAnálisis del balance
250 _a2a. ed
264 1 _aBuenos Aires :
_bDepalma
_c1972
300 _a91 p.
_c25 cm.
505 _aAnálisis individual y análisis comparativo de balances
942 _cBK
590 _aniveau_biblio:m niveau_hierar:0
100 1 _aBarros Garcés, Raúl
999 _c1917
_d1917